01336nab a2200193uuc4500001000800000005001700008008004100025035001200066040001300078041000800091100004800099245010600147260001000253520067300263650002800936650003100964650002900995773011801024148324020240202130936.0180123s2015 spa  a1483240 ccomduadb aspa10aGonzález Mendoza, Julio Alfonso4auteaut10aInnovación y tecnología, factores claves de competitividad empresarial. Una mirada desde lo local c2015.3 aRESUMEN: Este trabajo de revisión y discusión, tiene como objetivo realizar un análisis de los niveles de innovación en Colombia y Norte de Santander. La metodología es documental y los principales resultados señalan que el nivel de innovación de Colombia, está por debajo del promedio de América Latina y muy lejos de Estados Unidos y Canadá. Norte de Santander muestra indicadores por debajo del promedio nacional y sus principales problemas son la falta de capital humano, escasos recursos financieros, deficiente información de financiación pública y beneficios tributarios, además de la desarticulación entre los actores del sistema. aInnovación - Colombia aCompetitividad empresarial aInnovación empresarial0 tRevista Lebret (Bucaramanga)gNúmero 07, Enero - Diciembre, 2015, páginas 103-124w1362814x2145-59960680299